|
|
|
|
| LEADER |
01226nam a2200289 a 4500 |
| 001 |
30130 |
| 003 |
BD-DhAAL |
| 005 |
20151101154702.0 |
| 008 |
151101s1996 iluab r 001 0 eng |
| 010 |
|
|
|a 96017511
|
| 020 |
|
|
|a 0809231662
|
| 040 |
|
|
|a DLC
|c DLC
|d DLC
|d BD-DhAAL
|
| 050 |
0 |
0 |
|a HF5035
|b .W66 1996
|
| 082 |
0 |
0 |
|a 338.6/422/082
|2 20
|
| 245 |
0 |
4 |
|a The women's business resource guide :
|b a national directory of more than 800 programs, resources, and organizations to help women start or expand a business /
|c Barbara Littman [compiler].
|
| 250 |
|
|
|a 2nd ed.
|
| 260 |
|
|
|a Chicago :
|b Contemporary Books,
|c c1996.
|
| 300 |
|
|
|a xvi, 302 p. :
|b ill., maps ;
|c 24 cm.
|
| 500 |
|
|
|a Includes index.
|
| 541 |
|
|
|e 30130
|
| 650 |
|
0 |
|a Women-owned business enterprises
|z United States
|x Directories.
|9 15893
|
| 650 |
|
0 |
|a Businesswomen
|z United States
|x Directories.
|9 15894
|
| 650 |
|
0 |
|a Women
|x Services for
|z United States
|x Directories.
|9 15895
|
| 700 |
1 |
|
|a Littman, Barbara.
|9 15896
|
| 942 |
|
|
|2 ddc
|c BK
|
| 999 |
|
|
|c 35992
|d 35992
|
| 952 |
|
|
|0 0
|1 0
|2 ddc
|4 0
|6 338_642208200000000_WOM
|7 0
|9 56552
|a BRACUL
|b BRACUL
|c GEN
|d 2015-11-01
|e BIL
|l 0
|o 338.6422082 WOM
|p 3010030130
|r 2015-11-01
|t 1
|w 2015-11-01
|y BK
|x Transferred from BIL to BRACUL on 06/06/22
|